Necesidades de energía y de proteínas
Uloženo v:
| Korporace: | , , |
|---|---|
| Médium: | Kniha |
| Jazyk: | španělština |
| Vydáno: |
Ginebra
OMS
1985
|
| Edice: | Informes Técnicos, 724
|
| Témata: | |
| Tagy: |
Přidat tag
Žádné tagy, Buďte první, kdo vytvoří štítek k tomuto záznamu!
|
MARC
| LEADER | 00000nam a2200000 a 4500 | ||
|---|---|---|---|
| 001 | UCU3990 | ||
| 003 | CL-VaPUC | ||
| 008 | 960517e19850000SZ |||||||||||||||||spa|d | ||
| 082 | 0 | 4 | |a 612.39 |b FAO |2 21 |
| 110 | 2 | |a FAO |e author |9 361286 | |
| 710 | 2 | |a OMS |e author |9 361287 | |
| 710 | 2 | |a ONU |e author |9 361288 | |
| 245 | 1 | 0 | |a Necesidades de energía y de proteínas |
| 300 | |a 220 p | ||
| 942 | |c BK | ||
| 945 | |d 19960517 00:00:00 |a cmena | ||
| 260 | |a Ginebra |b OMS |c 1985 | ||
| 650 | 0 | |a Metabolismo |9 259893 | |
| 650 | 0 | |a Bioquímica |9 259492 | |
| 650 | 7 | |a FENOMENOS BIOQUIMICOS |2 CL-VaPUC |9 360969 | |
| 650 | 7 | |a METABOLISMO ENERGETICO |2 CL-VaPUC |9 361289 | |
| 650 | 7 | |a METABOLISMO DE LAS PROTEINAS |2 CL-VaPUC |9 361290 | |
| 583 | |a last modification |c 19960517 00:00:00 |k Rodrigo Vera | ||
| 490 | 0 | |a Informes Técnicos, 724 | |
| 999 | |c 247827 |d 247825 | ||
| 952 | |0 0 |1 0 |4 0 |6 612_390000000000000_FAO_1985 |7 0 |8 A |9 264014 |a BIBING |b BIBING |d 2019-11-19 |i 1660721 |o 612.39 FAO 1985 |p 1660721 |r 2025-01-20 |w 2019-11-19 |y BK |k EIQ | ||